5HLuxD.jpg

KING HENRY VIII SENIOR AND PRIMARY SCHOOL LIBRARY OPAC

The drawing lesson : (Record no. 358)

000 -LEADER
fixed length control field 02949cam a2200577 i 4500
001 - CONTROL NUMBER
control field 916408537
003 - CONTROL NUMBER IDENTIFIER
control field OCoLC
005 - DATE AND TIME OF LATEST TRANSACTION
control field 20190807103639.0
008 - FIXED-LENGTH DATA ELEMENTS--GENERAL INFORMATION
fixed length control field 150805s2016 caua 6 001 0 eng
010 ## - LIBRARY OF CONGRESS CONTROL NUMBER
LC control number 2015028028
020 ## - INTERNATIONAL STANDARD BOOK NUMBER
International Standard Book Number 9780385346337
Qualifying information (trade pbk. ;
-- alk. paper)
020 ## - INTERNATIONAL STANDARD BOOK NUMBER
International Standard Book Number 0385346336
Qualifying information (trade pbk. ;
-- alk. paper)
035 ## - SYSTEM CONTROL NUMBER
System control number (OCoLC)916408537
Canceled/invalid control number (OCoLC)924634916
-- (OCoLC)952098112
-- (OCoLC)956416937
-- (OCoLC)957509120
-- (OCoLC)1005089866
037 ## - SOURCE OF ACQUISITION
Source of stock number/acquisition Random House Inc, Attn Order Entry 400 Hahn rd, Westminster, MD, USA, 21157
Note SAN 201-3975
040 ## - CATALOGING SOURCE
Original cataloging agency DLC
Language of cataloging eng
Description conventions rda
Transcribing agency DLC
Modifying agency OCLCF
-- BTCTA
-- YDXCP
-- BDX
-- ON8
-- CPL
-- CNEDM
-- FDA
-- WAU
-- CNCAR
-- EYM
-- UBY
-- PFLCL
-- CGP
-- EHH
-- IGA
-- OCLCO
-- BKL
-- OTZ
-- WYZ
-- BYV
-- OCLCQ
-- OCLCO
-- GRC
-- CHILD
-- T8C
-- OCLCQ
-- QT4
-- XRQ
-- T8H
-- T3V
-- KOTUI
-- B@L
-- WYG
-- FSP
-- MLSOD
-- UKMGB
-- WYU
-- UWO
-- OCLCQ
-- PCX
-- DE#
-- OCLCO
-- P7Y
-- LKC
-- KZS
-- OCLCO
-- NYP
042 ## - AUTHENTICATION CODE
Authentication code pcc
049 ## - LOCAL HOLDINGS (OCLC)
Holding library NYPP
060 #4 - NATIONAL LIBRARY OF MEDICINE CALL NUMBER
Classification number CO C755 2016
082 00 - DEWEY DECIMAL CLASSIFICATION NUMBER
Classification number 741.2 CRI
Edition number 23
091 ## - MICROFILM SHELF LOCATION (AM) [OBSOLETE]
Microfilm shelf location 741.2
100 1# - MAIN ENTRY--PERSONAL NAME
Personal name Crilley, Mark,
Relator term author.
245 14 - TITLE STATEMENT
Title The drawing lesson :
Remainder of title a graphic novel that teaches you how to draw /
Statement of responsibility, etc. Mark Crilley.
250 ## - EDITION STATEMENT
Edition statement First edition.
264 #1 - PRODUCTION, PUBLICATION, DISTRIBUTION, MANUFACTURE, AND COPYRIGHT NOTICE
Place of production, publication, distribution, manufacture Berkeley :
Name of producer, publisher, distributor, manufacturer Watson-Guptill Publications,
Date of production, publication, distribution, manufacture, or copyright notice [2016]
264 #4 - PRODUCTION, PUBLICATION, DISTRIBUTION, MANUFACTURE, AND COPYRIGHT NOTICE
Date of production, publication, distribution, manufacture, or copyright notice ℗2016.
300 ## - PHYSICAL DESCRIPTION
Extent 137 pages :
Other physical details illustrations ;
Dimensions 26 cm.
336 ## - CONTENT TYPE
Content type term text
Content type code txt
Source rdacontent.
336 ## - CONTENT TYPE
Content type term still image
Content type code sti
Source rdacontent.
337 ## - MEDIA TYPE
Media type term unmediated
Media type code n
Source rdamedia.
338 ## - CARRIER TYPE
Carrier type term volume
Carrier type code nc
Source rdacarrier.
505 0# - FORMATTED CONTENTS NOTE
Formatted contents note The meeting -- Drawing what you see -- Shading -- Beginning with a loose sketch -- Understanding light and shadow -- Using negative space -- Checking proportions -- Simplifying things -- Creating a composition -- Bringing it all together -- Moving on.
520 ## - SUMMARY, ETC.
Summary, etc. An instructional story presented in comic book format, featuring a twelve-year-old boy who learns about drawing and life from an artist he meets in the park.
650 #0 - SUBJECT ADDED ENTRY--TOPICAL TERM
Topical term or geographic name entry element Drawing
General subdivision Technique
Form subdivision Comic books, strips, etc.
650 #1 - SUBJECT ADDED ENTRY--TOPICAL TERM
Topical term or geographic name entry element Drawing
General subdivision Technique.
650 #7 - SUBJECT ADDED ENTRY--TOPICAL TERM
Topical term or geographic name entry element ART
General subdivision Study & Teaching.
Source of heading or term bisacsh.
650 #7 - SUBJECT ADDED ENTRY--TOPICAL TERM
Topical term or geographic name entry element ART
General subdivision Techniques
-- Drawing.
Source of heading or term bisacsh.
650 #7 - SUBJECT ADDED ENTRY--TOPICAL TERM
Topical term or geographic name entry element COMICS & GRAPHIC NOVELS
General subdivision Nonfiction.
Source of heading or term bisacsh.
650 #7 - SUBJECT ADDED ENTRY--TOPICAL TERM
Topical term or geographic name entry element Drawing
General subdivision Technique.
Source of heading or term fast
Authority record control number or standard number (OCoLC)fst00897757.
655 #7 - INDEX TERM--GENRE/FORM
Genre/form data or focus term Comics (Graphic works).
Source of term lcgft.
655 #7 - INDEX TERM--GENRE/FORM
Genre/form data or focus term Graphic novels.
Source of term lcgft.
655 #7 - INDEX TERM--GENRE/FORM
Genre/form data or focus term Comic books, strips, etc.
Source of term fast
Authority record control number or standard number (OCoLC)fst01423722.
655 #7 - INDEX TERM--GENRE/FORM
Genre/form data or focus term Graphic novels.
Source of term fast
Authority record control number or standard number (OCoLC)fst01726630.
856 4# - ELECTRONIC LOCATION AND ACCESS
Materials specified Image
Uniform Resource Identifier <a href="http://www.perma-bound.com/ws/image/cover/000137546/m">http://www.perma-bound.com/ws/image/cover/000137546/m</a>
856 4# - ELECTRONIC LOCATION AND ACCESS
Materials specified More Info
Instruction Input this URL in a browser to get HTML More Info data.
Electronic format type HTML
Uniform Resource Identifier <a href="http://firstsearch.oclc.org/WebZ/DECRead?standardNoType=1&standardNo=0385346336&sessionid=0&srcdbname=worldcat&key=4f12ff38b1e82af3c85932f30173b4729b55cd762eeabe325f7ab946ede75292&ectype=MOREINFO">http://firstsearch.oclc.org/WebZ/DECRead?standardNoType=1&standardNo=0385346336&sessionid=0&srcdbname=worldcat&key=4f12ff38b1e82af3c85932f30173b4729b55cd762eeabe325f7ab946ede75292&ectype=MOREINFO</a>
901 ## - LOCAL DATA ELEMENT A, LDA (RLIN)
a MARS
901 ## - LOCAL DATA ELEMENT A, LDA (RLIN)
a andrew
908 00 - PUT COMMAND PARAMETER (RLIN)
Put command parameter NC730
942 ## - ADDED ENTRY ELEMENTS (KOHA)
Source of classification or shelving scheme
Koha item type Books - Non Ficton
945 ## - LOCAL PROCESSING INFORMATION (OCLC)
a .b217315501
946 ## - LOCAL PROCESSING INFORMATION (OCLC)
a m
Holdings
Withdrawn status Lost status Source of classification or shelving scheme Damaged status Not for loan Collection code Permanent Location Current Location Shelving location Date acquired Total Checkouts Full call number Barcode Date last seen Date last checked out Price effective from Koha item type
          Non-Fiction KH8 Senior School Library KH8 Senior School Library Non Fiction 2019-08-07 2 741.2 CRI 3KHSL000100096 2024-09-11 2024-08-28 2019-08-07 Books - Non Ficton

Powered By KH8 IT Dept